| 000 | 01021nam0a22002531 4500 | ||
|---|---|---|---|
| 001 | rc\2962591 | ||
| 005 | 20250806211401.0 | ||
| 035 | _a(NLR Aleph) 007109162 | ||
| 090 |
_a65037 _c65037 |
||
| 100 | _a20110903d1943 u y0rusy50 ca | ||
| 101 | 0 | _arus | |
| 102 | _aRU | ||
| 105 | _aa z ||||| | ||
| 200 | 1 |
_aХирургическое обезболивание льдом для ампутации конечностей _fЗасл. деятель науки профр. С.С. Юдин _gХирург. клиника ин-та Склифосовского. Кафедра госпитал. хирургии мед. ин-та РСФСР |
|
| 210 |
_aМосква _cМедгиз _d1943 |
||
| 215 |
_a16 с. _cил. _d23 см |
||
| 700 | 1 |
_aЮдин _bС.С. _f1891-1954 _gСергей Сергеевич |
|
| 801 | 0 |
_aRU _bNLR _gpsbo |
|
| 801 | 1 |
_aRU _bELAR _2rusmarc |
|
| 852 |
_aNLR _jМд40 Г-6/19 |
||
| 942 | _cBOOK | ||
| 945 | _aРоссийская национальная библиотека | ||
| 980 | _aNB | ||
| 980 | _aBV | ||